=LDR 00000nam 2200000 4500 =001 INLIS000000000048132 =005 20160523114517.0 =006 =007 =008 =035 ##$$0010-051600000000037 =082 ##$$a 633.18 =084 ##$$a 633.18 $b Sug b =100 ##$$a Sugeng HR =245 ##$$a Bercocok Tanam Padi =260 ##$$a CV Aneka Ilmu : $b maret, $c 2001 =300 ##$$a vi 62 hlm .; $b ilus .: $c 18 cm =990 ##$$a 0001/BPAP-NTB/2016 =990 ##$$a 21601871/BPAP-NTB/2017